000 00976nas a2200337 4500
001 BR9904166
003 BR-BrBNA
005 20231205101534.0
007 ta
008 230509b bl.|||p| |||| 00| 00por d
040 _aBR-BrBNA
_bpor
_cBiblioteca Nacional de Agricultura
041 _a(Pt)
072 _aJ11
100 1 _aTrevisan, J.N.
100 1 _aMartins, G.A.K.
100 1 _aLopes, S.J.
100 1 _aGarcia, D.C.
245 1 _aRendimento e conservabilidade pos-colheita de genotipos de cebola cultivados em solo de varzea
650 _aCebola
650 _aBulbo
650 _aGenotipo
650 _aRendimento
650 _aPos-Colheita
650 _aArmazenamento
650 _aPreservacao de Alimento
650 _aCondicao Ambiental
650 _aRio Grande do Sul
773 0 _tCiencia Rural (Brazil)
_xISSN 0103-8478
_g(Jul-Sep 1999), v. 29(3) p. 409-413
_wBR9904166
909 _a202311
_bLúcia
_c55
_dLúcia Elande
942 _2AGRIS
_n0
_cANA
999 _c162397
_d162397